00926cam a2200217 a 450000100100000000500170001000800410002702000150006804000250008308200180010810000470012624500850017326000610025830000280031965000290034765000310037670000370040795201220044495201270056699900150069300001001020200929161812.0920430s1991 cl a 001 p spa  z9567178010 aDO-SdBNPbspacBNPHU a861.64bT631m1 aTocigl, Boris.q(Boris Tocigl Sega)92495410aMemorias de un hombre enamorado /cBoris Tocigl ; edición Jorge López Silva. aSantiago de Chile :bTocigl Asociados Publicidad,c1991. a119 p. :bil. ;c24 cm. 4aPoesía española9631 4aLiteratura española96321 aLópez Silva, Jorgeeed.924955 001052708MOaGRbGRcCTd2009-10-02iLF1l0o861.64 T631mp10010-10r2020-06-25w2020-06-25y2ZPréstamo interno 001053728MOaGRbGRcCTd2009-10-02iLF1l0o861.64 T631mp10010-20r2020-06-25te.2w2020-06-25y2ZPréstamo interno c9769d9769